|
|
|
|
| LEADER |
00626nta a2200181 i 4500 |
| 001 |
dipl33 |
| 005 |
20110816125720.0 |
| 008 |
101208s1973 hu om 0|| hun d |
| 040 |
|
|
|a SZTE Diploma Repozitórium
|b hun
|
| 041 |
|
|
|a hun
|
| 100 |
1 |
|
|a Bohus Mihály
|
| 245 |
1 |
0 |
|a Egyedi idegsejt tevékenységének matematikai vizsgálata
|h [elektronikus dokumentum] /
|c Mihály Bohus
|
| 260 |
|
|
|c 1973
|
| 650 |
|
4 |
|a Informatika
|
| 650 |
|
4 |
|a Computer and information sciences
|
| 700 |
0 |
1 |
|a Török Attila
|e ths
|
| 700 |
0 |
1 |
|a Máté Eörs
|e ths
|
| 856 |
4 |
0 |
|u https://diploma.bibl.u-szeged.hu/id/eprint/33/1/1973_bohus_mihaly_v_41.pdf
|z Dokumentum-elérés
|